I sei paesi più vicini: la Georgia - Statistics

Statistiche generali
  • Questo quiz è stato fatto 35 volte
  • Il punteggio medio è 4 su 6
Statistiche sulle risposte
km paese % Corretto
0 Armenia
100%
0 Azerbaijan
88%
0 Turchia
83%
0 Russia
79%
189 Iran
67%
417 Ucraina
17%
Nessun quiz corrispondente trovato
Distribuzione punteggi
Percentuale di utenti per punteggio
Percentile per numero di risposta
I tuoi punteggi nel tempo
Non hai fatto questo quiz